000 00508nam a2200145Ia 4500
008 150223s9999 xx 000 0 und d
020 _a9780224082778
050 _aGV 706.3
_b.H313 2009
100 _aHarris, Tim.
245 _aPlayers :
_b250 men, women & animals who crated modern sports /
_cTim Harris.
260 _aGreat Britain :
_bYellow Jersey Press,
_c2009
300 _a616 pages :
_bColored, Illustration ;
_c24 cm.
504 _aIncludes bibliography and Index.
650 _aScience
_xSports Players
999 _c283303
_d283303